| 000 | 00563nam a22001577a 4500 | ||
|---|---|---|---|
| 008 | 230328b |||||||| |||| 00| 0 eng d | ||
| 040 |
_aNational Science Library _cNational Science Library |
||
| 080 |
_a910:5 _bQ1.1 |
||
| 100 | _aHamilton, Neil A | ||
| 245 |
_aScientific exploration and expeditions: _bFrom the age of discovery to the twenty-first century |
||
| 260 |
_aNew York: _bSharpe Reference, _c2010 |
||
| 500 | _aVol. 1; 9780765680761; xiii, 191p. Vol.2; 9780765680761; 356p. | ||
| 650 | _aGeograph\y | ||
| 653 | _aGobi desert | ||
| 942 |
_2udc _cREF |
||
| 999 |
_c15861 _d15861 |
||